00471nam a2200169Ia 450000500170000000800410001704000190005804100120007708200130008924500840010226000260018630000160021265000190022865100230024770000210027085000100029120240715110434.0131103s9999 xx 000 0 und d aLoreto College aEnglish a821bADA 2aA poetry speaking anthologyb book 2 cEdited by Hilda Adams and Anne Croasdell aLondonbMethuinc1960 aix, ,229p.  aEnglish poetry aEnglish literature aCroasdell, Anne  aLCBED